Most popular baby names in Turkey - Statistics

General Stats
  • This quiz has been taken 89 times
  • The average score is 2 of 10
Answer Stats
Gender Answer % Correct
Girl Zeynep
81%
Boy Yusuf
39%
Boy Ömer
21%
Girl Elif
19%
Girl Defne
17%
Boy Eymen
10%
Boy Ömer Asaf
7%
Girl Eylül
4%
Girl Ebrar
0%
Boy Miraç
0%
No matching quizzes found
Score Distribution
Percent of People with Each Score
Percentile by Number Answered
Your Score History
You have not taken this quiz